Убийство царской семьи и членов Дома Романовых на Урале; Ч. 1

Bibliografiset tiedot
Päätekijä: Дитерихс М. К. Михаил Константинович
Kieli:venäjä
Julkaistu: Москва, Скифы, 1991
Aiheet:
Aineistotyyppi: Kirja
KOHA link:https://koha.lib.tpu.ru/cgi-bin/koha/opac-detail.pl?biblionumber=16830

MARC

LEADER 00000nam0a2200000 4500
001 16830
005 20240618150058.0
010 |a 5823000286 
035 |a (RuTPU)RU\TPU\book\16959 
035 |a BOOK00001647 
090 |a 16830 
100 |a 20011209d1991 km y0rusy50 ca 
101 0 |a rus 
102 |a RU 
105 |a y z 000zc 
200 1 |a Убийство царской семьи и членов Дома Романовых на Урале  |h Ч. 1  |f М. К. Дитерихс 
210 |a Москва  |c Скифы  |d 1991 
215 |a 416 с. 
602 |a Романовы  |f 1613-1917  |c боярский род, царская фамилия с 1613, императорская фамилия с 1721 по 1917  |9 200 
610 1 |a история 
610 1 |a Россия 
610 1 |a Екатеринбург 
610 1 |a 20 век 
610 1 |a царская семья 
610 1 |a расстрел 
686 |a Т3(2)611  |2 rubbk 
700 1 |a Дитерихс  |b М. К.  |g Михаил Константинович 
801 0 |a RU  |b 63413507  |c 20011209  |g PSBO 
801 2 |a RU  |b 63413507  |c 20121115  |g PSBO 
942 |c BK